000 00363cam a2200145ua 4500
041 _aeng
_h
082 _a370.1
_b
100 _aPeddiwell, J.Abens .
245 _aSaber tooth curricilum /
_cPeddiwell.
_hTextual Documents
260 _aNew York :
_bMcGraw Hill Book Company ,
_c1939.
300 _a139 ; .
504 _a
942 _cBK
999 _c12438
_d12438